| 000 | 00422nam a2200169 a 4500 | ||
|---|---|---|---|
| 001 | 14108 | ||
| 003 | CO-ViMGA | ||
| 008 | 141112s2004 ck r 000 u spa d | ||
| 040 |
_aCO-ViMGA _bspa _cCO-ViMGA |
||
| 082 | 0 | 4 | _aA864.44 S175 |
| 100 | 1 |
_aSarmiento, Domingo F. _920629 |
|
| 245 | 1 | 0 | _aRecuerdos de provincia |
| 260 |
_aNavarra : _bSalvat, _c1970 |
||
| 300 | _a168 | ||
| 650 | 1 | 4 | _aENSAYOS ARGENTINOS |
| 942 |
_2ddc _cBK |
||
| 999 |
_c24807 _d24807 |
||